00763nam a2200205Ia 4500001002100000003000900021008004100030040002300071041001100094100005600105245006000161250001500221260003800236300002800274490000900302501012400311520007600435700002100511700002500532876-ERA ro op (8298)IT-MiSPE171229s9999||||xx |||||||||||||| ||und|| aIT-MiSPEcIT-MiSPE aLATINO aErasmo da Rotterdam (Erasmo Desiderio da Rotterdam) 0aOpus Epistolarum Des. Erasmi RoteradamibIII. 1517-1519 a1a ed. (v) aOxoniibTyp. Clarendonianusc1913 aXXI, 640 p. [v.]c24 cm v 3° aEdizioni San Paolo srl - Piazza Soncino, 5 - 20092 CINISELLO BALSAMO (MI) (non commercial uses only) ® Copyright 2018 aDenuo recognitum et auctum per Persy Stafford Allen et Helen Mary Allen aHelen Mary Allen aPersy Stafford Allen